Countries That Have Banned Fluoridated Water - Statistics

General Stats
  • This quiz has been taken 27 times
  • The average score is 12 of 14
Answer Stats
Country % Correct
Germany
100%
Italy
96%
Belgium
92%
Denmark
92%
France
92%
Iceland
92%
Austria
88%
Finland
88%
Norway
88%
United Kingdom
88%
Netherlands
83%
Sweden
83%
Luxembourg
75%
Hungary
67%
No matching quizzes found
Score Distribution
Percent of People with Each Score
Percentile by Number Answered
Your Score History
You have not taken this quiz